000 00301nam a2200121Ia 4500
008 140130s9999 xx 000 0 und d
245 _cDavid A. Adler
_aA Picture Book of Amelia Earhart
260 _bScholastic,
_c1998
440 _v1
521 _aGrade 4 - Grade 7
942 _cBK
999 _c41145
_d41145